00922nam a2200289Ia 4500003000400000005001700004008004100021020002200062050001600084050001400100100002200114245001500136245011500151245002000266250001600286260001300302260004500315260000900360300001600369300003300385300001100418650005000429650003600479650004100515650003700556650003900593SMC20170110130743.0160404s9999 xx 000 0 und d a978-971-816-113-5 aFIL HF 5386 b.C66 2009 aConcepcion, Joey. aNegosyo :  bJoey Concepcion's 50 inspiring entrepreneurial stories with entrepreneurial lessons from Prof. Andy Ferreria / cJoey Concecion. a8th Edition aManila : bPhilippine center for interpreneurship., c2009 a317 pages : billustrations (some color) ; c23 cm. aCreative ability in business -- Philippiens.  aEntrepreneurship in literature. aSuccess in business -- Philippines.  xBusiness people -- Philippines.  xSuccessful people -- Philippines.